Modern methods of construction and RSL asset management (Record no. 82590)

MARC details
000 -LEADER
fixed length control field 00776cab a22002055a 4500
001 - CONTROL NUMBER
control field L150652
008 - FIXED-LENGTH DATA ELEMENTS--GENERAL INFORMATION
fixed length control field 100809s2010 xxk 000 0 eng d
035 ## - SYSTEM CONTROL NUMBER
System control number (Sirsi) u150652
041 0# - LANGUAGE CODE
Language code of text/sound track or separate title eng
050 ## - LIBRARY OF CONGRESS CALL NUMBER
Classification number 693.97 $2 18
100 1# - MAIN ENTRY--PERSONAL NAME
Personal name Kempton, Jim
245 00 - TITLE STATEMENT
Title Modern methods of construction and RSL asset management
Remainder of title a quantitative study
Medium [electronic resource]
260 ## - PUBLICATION, DISTRIBUTION, ETC.
Date of publication, distribution, etc. 2010
490 ## - SERIES STATEMENT
Series statement Structural Survey
Volume/sequential designation 28(2) 2010, 121-131(11)
520 ## - SUMMARY, ETC.
Summary, etc. Explores the views of asset managers on the incorporation of modern methods of construction (MMC) into registered social landlord housing portfolios and its implications for long-term maintenance.
590 ## - LOCAL NOTE (RLIN)
Local note KA
651 #4 - SUBJECT ADDED ENTRY--GEOGRAPHIC NAME
Geographic name United Kingdom
690 ## - LOCAL SUBJECT ADDED ENTRY--TOPICAL TERM (OCLC, RLIN)
Topical term or geographic name as entry element BUILT ENVIRONMENT-CONSTRUCTION DESIGN
942 ## - ADDED ENTRY ELEMENTS (KOHA)
Suppress in OPAC 0
Source of classification or shelving scheme Dewey Decimal Classification
Holdings
Withdrawn status Lost status Source of classification or shelving scheme Damaged status Not for loan Home library Current library Shelving location Date acquired Total Checkouts Full call number Barcode Date last seen Copy number Price effective from Koha item type
    Dewey Decimal Classification     London London Books 09/08/2010   L150652 150652-1001 06/08/2019 1 06/08/2019 Book